[Event "Monte Grande op"]
[Site "Monte Grande"]
[Date "2023.11.25"]
[Round "3"]
[White "Cabral, Ramon"]
[Black "Djimcherachvili, Lia"]
[Result "0-1"]
[WhiteElo "1684"]
[BlackElo "1111"]
[PlyCount "120"]
[EventDate "2023.11.24"]
[EventType "swiss"]
[EventRounds "6"]
[EventCountry "ARG"]
[SourceTitle "CBM 217 Extra"]
[Source "ChessBase"]
[SourceDate "2024.01.31"]
[SourceVersion "1"]
[SourceVersionDate "2024.01.31"]
[SourceQuality "1"]

1. e4 e6 2. d4 c5 3. c3 a6 4. Nf3 h6 5. Bd3 Nf6 6. 0-0 Be7 7. Be3 b6 8. Nbd2 Bb7 9. h3 Qc7 10. e5 Nd5 11. Nc4 b5 12. Ncd2 Nxe3 13. fxe3 d6 14. Ne4 Nd7 15. exd6 Bxd6 16. Nxd6+ Qxd6 17. dxc5 Qxc5 18. Qd2 Rd8 19. Qf2 Nf6 20. b4 Qxc3 21. Be2 Qxb4 22. Rfb1 Qe7 23. a4 Ne4 24. Qe1 0-0 25. axb5 Qc5 26. Bf1 axb5 27. Rxb5 Qc8 28. Rc1 Qa8 29. Ra1 Qc8 30. Rc1 Qd7 31. Ne5 Qe7 32. Rb4 Nd2 33. Be2 Qxb4 34. Rc4 Nf3+ 35. Nxf3 Qxe1+ 36. Nxe1 Ba6 37. Rc2 Bxe2 38. Rxe2 Rd1 39. Kf2 Rfd8 40. Nf3 Ra1 41. Ne5 Rdd1 42. Kg3 f6 43. Nf3 e5 44. h4 Rd3 45. e4 g6 46. Kf2 Kf7 47. g4 Raa3 48. Nd2 Rh3 49. h5 gxh5 50. gxh5 Rxh5 51. Nf3 Rh1 52. Rc2 Rha1 53. Rc7+ Kg6 54. Nh4+ Kh5 55. Nf5 R1a2+ 56. Ke1 Ra1+ 57. Kf2 R1a2+ 58. Ke1 Kg4 59. Rg7+ Kf4 60. Nd6 Rb2 0-1

[Event "Monte Grande op"]
[Site "Monte Grande"]
[Date "2023.11.25"]
[Round "2"]
[White "Juanchini, Marcos"]
[Black "Cabral, Ramon"]
[Result "1-0"]
[WhiteElo "2144"]
[BlackElo "1684"]
[PlyCount "29"]
[EventDate "2023.11.24"]
[EventType "swiss"]
[EventRounds "6"]
[EventCountry "ARG"]
[SourceTitle "CBM 217 Extra"]
[Source "ChessBase"]
[SourceDate "2024.01.31"]
[SourceVersion "1"]
[SourceVersionDate "2024.01.31"]
[SourceQuality "1"]

1. d4 Nf6 2. Nf3 g6 3. Bg5 Bg7 4. Nbd2 d6 5. e4 Nbd7 6. c3 b6 7. Be2 Bb7 8. Qc2 e6 9. e5 dxe5 10. dxe5 h6 11. exf6 Nxf6 12. Bh4 Qe7 13. Qa4+ c6 14. Ne5 0-0-0 15. Qxa7 1-0

[Event "Monte Grande op"]
[Site "Monte Grande"]
[Date "2023.11.24"]
[Round "1"]
[White "Cabral, Ramon"]
[Black "Capuano, Gabriel"]
[Result "0-1"]
[WhiteElo "1684"]
[BlackElo "1755"]
[PlyCount "50"]
[EventDate "2023.11.24"]
[EventType "swiss"]
[EventRounds "6"]
[EventCountry "ARG"]
[SourceTitle "CBM 217 Extra"]
[Source "ChessBase"]
[SourceDate "2024.01.31"]
[SourceVersion "1"]
[SourceVersionDate "2024.01.31"]
[SourceQuality "1"]

1. e4 e5 2. Nf3 Nc6 3. d4 exd4 4. Nxd4 Bc5 5. Be3 Bb6 6. Nc3 Nf6 7. Nxc6 bxc6 8. Bg5 d6 9. Qf3 Bd4 10. Qd3 Bxf2+ 11. Kxf2 Ng4+ 12. Kg1 Qxg5 13. Re1 Qc5+ 14. Re3 Nxe3 15. Na4 Qxc2 16. Qxe3 Qxa4 17. Qc3 0-0 18. Bc4 Qd1+ 19. Bf1 Ba6 20. Kf2 Bxf1 21. Rxf1 Qa4 22. a3 Qxe4 23. Kg1 c5 24. Re1 Qd4+ 25. Qxd4 cxd4 0-1